Κατάλογος Βιβλιοθηκών Mediterranean College

International HRM / Contemporary Issues in Europe (Record no. 970)

MARC details
000 -LEADER
fixed length control field 01753cam a22002054a 4500
005 - ΗΜΕΡΟΜΗΝΙΑ ΚΑΙ ΩΡΑ ΤΕΛΕΥΤΑΙΑΣ ΕΝΗΜΕΡΩΣΗΣ
Πεδίο ελέγχου 20250605163951.0
008 - FIXED-LENGTH DATA ELEMENTS--GENERAL INFORMATION
Πεδίο ελέγχου σταθερού μήκους 250528s ||||||||||||||||||||||||d
035 ## - SYSTEM CONTROL NUMBER
System control number 15385
020 ## - ISBN
ISBN 415194903
040 ## - ΠΗΓΗ ΚΑΤΑΛΟΓΟΓΡΑΦΗΣΗΣ
Φορέας πρωτότυπης καταλογογράφησης MC Athens Campus Library
Γλώσσα καταλογογράφησης Ελληνικά, Μοντέρνα (1453-)
Modifying agency MC Athens Campus Library
Κανόνες περιγραφικής καταλογογράφησης AACR2
245 1# - ΤΙΤΛΟΣ ΚΑΙ ΔΗΛΩΣΗ ΥΠΕΥΘΥΝΟΤΗΤΑΣ
Τίτλος International HRM / Contemporary Issues in Europe
260 ## - PUBLICATION, DISTRIBUTION, ETC.
Name of publisher, distributor, etc. Rouledge,
Date of publication, distribution, etc. 1999
300 ## - PHYSICAL DESCRIPTION
Extent 308
520 ## - SUMMARY, ETC.
Summary, etc. This book provides an important contribution to our understanding of the human resource management phenomenon, encompassing groundbreaking research, both empirical and conceptual, on international policy and practice in this rapidly developing area. List of Tables and Figures, International Human Resource Management: The European Contribution, Relation Between International Business Strategy and SIHRM, The Added Value of the HR Department, International HRM in Medium-Sized MNEs: Evidence from Ireland, Balancing differentiation with integration, MNE Staffing Policies for the Managing Director Position in Foreign Subsidiaries: The Results of an Innovative Research Method, Localization as an Ethical Response to Internationalization, International Rewards System: To Converge or not to Converge?, Global or Multi-Global: The Significance of International Values in Reward Strategy, Performance Appraisal of Host Country Employees: Western MNEs in China, Contemporary Issues in Expatriation, Strategic Staffing in Multinational Companies: A Resource-Based Approach, International Assignments Across European Borders: No Problems?, Irish Expatriates in Moscow: Exploratory Evidence on Aspects of Adjustment, New research perspectives on IHRM.
700 1# - ΠΡΟΣΘΕΤΗ ΑΝΑΓΡΑΦΗ--ΦΥΣΙΚΟ ΠΡΟΣΩΠΟ
Personal name Brewster Chris
9 (RLIN) 1292
700 1# - ΠΡΟΣΘΕΤΗ ΑΝΑΓΡΑΦΗ--ΦΥΣΙΚΟ ΠΡΟΣΩΠΟ
Personal name Harris Hilary
9 (RLIN) 1293
942 ## - ADDED ENTRY ELEMENTS (KOHA)
Koha item type Books
Holdings
Τύπος τεκμηρίου Βιβλιοθήκη Τρέχουσα τοποθεσία Barcode Αριθμός εισαγωγής Ημερομηνία απόκτησης Ταξιθετικό σύμβολο Αριθμός αντιτύπου Κατάσταση απόσυρσης Κατάσταση χαμένου Κατάσταση κατεστραμμένου Μη δανεισμός Σύνολο δανεισμών Ημερομηνία τελευταίας εμφάνισης Η τιμή ισχύει από
Books MC Athens Campus Library MC Athens Campus Library 9780000009692 1639 05/06/2025 658.3/0094 BRE 1           05/06/2025 05/06/2025

MC Athens Campus Library
Πατησίων 94 & Κοδριγκτώνος 13, 104 34
Πελλήνης 8 & Πατησίων 107, 112 51
Τ: +30 210 8899600

MC Thessaloniki Campus Library
Ίωνος Δραγούμη 21, 54625 | Ίωνος Δραγούμη 15, 54625
Τ: +30 2310 287779 – Τ: +30 2314 440300